000 00316nam a2200133Ia 4500
008 240624s9999 xx 000 0 und d
041 _aeng
082 _a823 AKH
100 _aAKHTAR JAVED
245 _aTARKASH
260 _c2014
_aNew Delhi
_bRajkamal Prakashan
300 _a163 : p. : cm. ; 21
365 _cRS
_b25
999 _c23892
_d23892